Tricky Wizards of Once Quiz - Statistics

General Stats
  • This quiz has been taken 39 times
  • The average score is 13 of 30
Answer Stats
16 Hint Answer % Correct
1 Who was trapped in the "stone that takes away magic"? The Kingwitch
100%
4 What is the only thing that magic, in general, does not work on? Iron
81%
5 Does Bodkin Have magic? No
81%
2 Who is Wish's mother? Queen Sychorax
81%
3 What was Encanzo's original name? Tor
81%
10 What creature is Caliburn? Raven
57%
9 What is the name of the second book? Twice Magic
57%
7 What does Bodkin get disguised as at Pook's Hill? A Hob
52%
8 What creature is Hoola? Owl
52%
6 What is Crusher's full name? Problem-Crusher
52%
16 Bodkin is the secret narrator, true or false? False
48%
15 Bodkin is Wish's assistant bodyguard, true of false? True
48%
19 What Creature is Lonesome? Werewolf
48%
18 What creature is Perdita's animal form? Bear
43%
20 What color does the Love-Never-Lies potion turn when those who hold it are lying? Blue
43%
13 Wish has a magic ___. Eye
43%
12 What kind of special magic does Wish have? Magic-That-Works-On-Iron
43%
17 Is Perdita the Headmistress of Pook's Hill Yes
43%
23 Giants last breath from castle _____. Death
38%
26 Xar has no magic, correct? Correct
33%
11 Who gave Sychorax the Spell of Love Denied? Pentaglion
33%
27 Xar is older then Looter, correct? Incorrect
24%
25 What is Eleanor Rose? A Frost Sprite
19%
30 ____ foals. Rage
19%
14 What do Wish and Xar become? Step-Siblings
19%
28 Who is the older sibling, Perdita or Caliburn? They are twins
19%
29 How many Snowcats does Xar have? Three
19%
22 Who stole Sychorax's throne? Her cousin
14%
21 how many pages does the Spelling Book have? 6, 304, 560
0%
24 Who is Pentaglion's giant? Proponderous
0%
No matching quizzes found
Score Distribution
Percent of People with Each Score
Percentile by Number Answered
Your Score History
You have not taken this quiz